Les scènes de jeux en 20 clics - Statistiques

Statistiques générales
  • Ce quiz a été pris 46 fois
  • Le résultat moyen est 7 sur 20
Statistiques - réponses
Hint Réponse % Correct
Le Jeu de la dame
88%
Squid Game
88%
Friends
80%
Las Vegas 21
50%
Alice in Borderland
43%
À nous quatre (The Parent Trap)
43%
Vol au-dessus d'un nid de coucou
43%
Action ou Vérité
40%
Seinfeld
38%
Les hommes préfèrent les grosses
35%
Viens chez moi, j'habite chez une copine
35%
L'Arnaque (The Sting)
33%
Scary Movie 3
23%
Tombstone
23%
La Défense Loujine
20%
Il était une fois le Bronx
18%
Vendredi 13
15%
Fresh
10%
Les Folles Aventures de Bill & Ted
10%
Les Soprano
3%
Aucun quiz correspondant
Distribution des résultats
% des personnes avec chaque résultat
Percentile par nombre de réponses
Votre historique - résultats
Vous n’avez pas pris ce quiz